000 01229nam0a22002771 4500
001 rc\4571359
005 20250612121731.0
021 _aRU
_b[67-69436]
035 _a(NLR Aleph) 008651562
090 _a9005292
_c9005292
100 _a20130416d1967 |||y0rusy50 ca
101 0 _arus
102 _aRU
105 _ay j |||||
200 1 _aФилософские вопросы освоения космоса
_e(Материалы и лекции)
_fО-во "Знание" Латв. ССР. Комис. по философии Науч.-метод. совета по пропаганде обществ.-полит. знаний
210 _aРига
_cБ. и.
_d1967
215 _a19 с.
_d21
300 _aПеред загл. авт.: В.А. Марков, доц. канд. филос. наук
606 _aКосмическое пространство
_xИсследование
_xФилософские проблемы
_2psbo
700 1 _aМарков
_bВ. А.
_cд-р филос. наук
_f1924-2006
_gВалерий Александрович
_9183209
_3RU\NLR\AUTH\770183260
801 0 _aRU
_bNLR
_gpsbo
801 1 _aRU
_bELAR
_2rusmarc
852 _aNLR
_j67-6/11848
942 _cBOOK
980 _aNB